Vodohospodársky a energetický plán MVE.

Gespeichert in:
Bibliographische Detailangaben
1. Verfasser: Kovaľ, Frederik (Verfasst von)
Weitere Verfasser: Dušička, Peter (Betreuung Doktorarbeit)
Format: Manuskript Buch
Sprache:Slowakisch
Veröffentlicht: 2018
Schlagworte:
Online-Zugang:http://is.stuba.sk/zp/portal_zp.pl?podrobnosti=139691
https://opac.crzp.sk/?fn=detailBiblioForm&sid=CB745B58B0F7E53C005AC56F3E25
Tags: Tag hinzufügen
Keine Tags, Fügen Sie das erste Tag hinzu!

MARC

LEADER 00000ntm a22000003a 4500
001 stuzp66888
003 SK-STU
005 20230519100941.9
007 ta
008 150427s2015----xo-----f-mn---000-0-slo-d
040 |a STU  |b slo 
041 0 |a slo 
100 1 |a Kovaľ, Frederik  |u 010170  |4 aut  |U SvF Stavebná fakulta  |T SvF Katedra hydrotechniky  |X 88397  |U V170  |Y 17  |7 88397 
242 0 1 |a Water and energy plan of the SHPP  |y eng 
245 1 0 |a Vodohospodársky a energetický plán MVE. 
260 |c 2018 
650 4 |a MVE  |2 slo 
650 4 |a hydroenergetický potenciál  |2 slo 
650 4 |a vodohospodársky a energetický plán  |2 slo 
650 4 |a water management and energy plan  |2 eng 
650 4 |a hydropower potential  |2 eng 
650 4 |a SHPP  |2 eng 
700 1 |a Dušička, Peter  |u 010170  |k Z1  |4 ths  |U SvF Stavebná fakulta  |T SvF Katedra hydrotechniky  |X 977  |U V170  |Y 17  |7 A000000977 
856 4 |u http://is.stuba.sk/zp/portal_zp.pl?podrobnosti=139691 
856 4 |u https://opac.crzp.sk/?fn=detailBiblioForm&sid=CB745B58B0F7E53C005AC56F3E25